American's History. Volume One to 1877

Gorde:
Xehetasun bibliografikoak
Egile nagusia: Henretta, James A.
Formatua: Liburua
Hizkuntza:English
Argitaratua: McGraw - HillCompanies, Inc 2008
Gaiak:
Etiketak: Etiketa erantsi
Etiketarik gabe, Izan zaitez lehena erregistro honi etiketa jartzen!
Thư viện lưu trữ: Mạng thư viện Đại học Đà Nẵng
LEADER 01132cam a22003251a 4500
001 000033532
003 9708
005 20151020000000.0
008 151016s2008 000 eng
020 |a 9780312452858 
041 |a eng 
082 |a 420.9738  |b HE-J 
100 |a Henretta, James A. 
245 |a American's History. Volume One to 1877  |c James A.Henretta 
260 |a McGraw - HillCompanies, Inc  |c 2008 
300 |a 482p. : ill ; 30cm 
650 |a James A.Henretta, 2008, American's History. Volume One to 1877, Hoa Kỳ, Mỹ, lịch sử, 1877 
852 |b Chuyên đề  |c Tiếng Anh tham khảo 1 
OWN |a LNN 
AVA |a UDN50  |b LNN  |d 420.9738 HE-J  |e available  |t Error 5001 Not defined in file expand_doc_bib_avail.  |f 1  |g 0  |h N  |i 0  |k 1 
999 |a From the UDN01 
AVA |a UDN50  |b LNN  |d 420.9738 HE-J  |e available  |t Error 5001 Not defined in file expand_doc_bib_avail.  |f 1  |g 0  |h N  |i 0  |k 1 
TYP |a Monograph 
980 |a Mạng thư viện Đại học Đà Nẵng